<?xml version="1.0" encoding="UTF-8"?>
<record
    xmlns:xsi="http://www.w3.org/2001/XMLSchema-instance"
    xsi:schemaLocation="http://www.loc.gov/MARC21/slim http://www.loc.gov/standards/marcxml/schema/MARC21slim.xsd"
    xmlns="http://www.loc.gov/MARC21/slim">

  <leader>01139 am a2200313 a 4500</leader>
  <controlfield tag="005">20240529133800.0</controlfield>
  <controlfield tag="008">110328s1980||||ag a   f |||| 001 0 spa d</controlfield>
  <datafield tag="020" ind1=" " ind2=" ">
    <subfield code="a">S/N</subfield>
  </datafield>
  <datafield tag="041" ind1=" " ind2=" ">
    <subfield code="a">spa</subfield>
  </datafield>
  <datafield tag="092" ind1=" " ind2=" ">
    <subfield code="c">611</subfield>
    <subfield code="l">10</subfield>
    <subfield code="s">CAS</subfield>
  </datafield>
  <datafield tag="100" ind1="1" ind2=" ">
    <subfield code="a">Casiraghi, Juan Carlos</subfield>
    <subfield code="9">671</subfield>
  </datafield>
  <datafield tag="245" ind1=" " ind2=" ">
    <subfield code="a">Anatom&#xED;a del Cuerpo Humano. Funcional y Quir&#xFA;rgica. </subfield>
    <subfield code="b">T.3 Regiones de la cabeza. Cuello y T&#xF3;rax. Organos de los sentidos /</subfield>
    <subfield code="c">Juan Carlos Casiraghi</subfield>
  </datafield>
  <datafield tag="250" ind1=" " ind2=" ">
    <subfield code="a">1a ed.</subfield>
  </datafield>
  <datafield tag="260" ind1=" " ind2=" ">
    <subfield code="a">Buenos Aires: </subfield>
    <subfield code="b">Alboazul; </subfield>
    <subfield code="c">1980.</subfield>
  </datafield>
  <datafield tag="300" ind1=" " ind2=" ">
    <subfield code="a">206 p.</subfield>
    <subfield code="b">il.</subfield>
  </datafield>
  <datafield tag="500" ind1=" " ind2=" ">
    <subfield code="a">Casiraghi, J. C. et al. (1980).  Anatom&#xED;a del Cuerpo Humano. Funcional y Quir&#xFA;rgica. T.3 Regiones de la cabeza, Cuello y T&#xF3;rax.&#xD3;rganos de los sentidos. (1a ed.). Buenos Aires : Alboazul.</subfield>
  </datafield>
  <datafield tag="590" ind1=" " ind2=" ">
    <subfield code="a">Donaci&#xF3;n de Mariela Ruocco, Feb. 2011.</subfield>
  </datafield>
  <datafield tag="653" ind1=" " ind2=" ">
    <subfield code="a">Regiones de la cabeza</subfield>
  </datafield>
  <datafield tag="653" ind1=" " ind2=" ">
    <subfield code="a">Cuello</subfield>
  </datafield>
  <datafield tag="653" ind1=" " ind2=" ">
    <subfield code="a">T&#xF3;rax</subfield>
  </datafield>
  <datafield tag="653" ind1=" " ind2=" ">
    <subfield code="a">&#xD3;rganos de los sentidos</subfield>
  </datafield>
  <datafield tag="700" ind1="1" ind2=" ">
    <subfield code="a">Brignone, Reinaldo</subfield>
    <subfield code="9">3860</subfield>
  </datafield>
  <datafield tag="700" ind1="1" ind2=" ">
    <subfield code="a">Neuman, Mario</subfield>
    <subfield code="9">3861</subfield>
  </datafield>
  <datafield tag="700" ind1="1" ind2=" ">
    <subfield code="a">Sibilla, Calixto</subfield>
    <subfield code="9">3862</subfield>
  </datafield>
  <datafield tag="700" ind1="1" ind2=" ">
    <subfield code="a">Pessagno, Jorge H.</subfield>
    <subfield code="9">3863</subfield>
  </datafield>
  <datafield tag="700" ind1="1" ind2=" ">
    <subfield code="a">Sturla, Flavio</subfield>
    <subfield code="9">3864</subfield>
  </datafield>
  <datafield tag="930" ind1=" " ind2=" ">
    <subfield code="a">2186</subfield>
  </datafield>
  <datafield tag="942" ind1=" " ind2=" ">
    <subfield code="2">ddc</subfield>
    <subfield code="c">BK</subfield>
  </datafield>
  <datafield tag="999" ind1=" " ind2=" ">
    <subfield code="c">801</subfield>
    <subfield code="d">801</subfield>
  </datafield>
  <datafield tag="952" ind1=" " ind2=" ">
    <subfield code="0">0</subfield>
    <subfield code="1">0</subfield>
    <subfield code="2">ddc</subfield>
    <subfield code="4">0</subfield>
    <subfield code="7">0</subfield>
    <subfield code="8">REF</subfield>
    <subfield code="a">BFM</subfield>
    <subfield code="b">BFM</subfield>
    <subfield code="c">REF</subfield>
    <subfield code="d">2011-05-13</subfield>
    <subfield code="l">8</subfield>
    <subfield code="o">611 10 CAS</subfield>
    <subfield code="p">2186</subfield>
    <subfield code="r">2017-05-15</subfield>
    <subfield code="s">2017-05-12</subfield>
    <subfield code="t">ej.1</subfield>
    <subfield code="w">2011-05-13</subfield>
    <subfield code="y">REF</subfield>
    <subfield code="z">LIBRO DE CONSULTA</subfield>
  </datafield>
  <datafield tag="952" ind1=" " ind2=" ">
    <subfield code="0">0</subfield>
    <subfield code="1">0</subfield>
    <subfield code="2">ddc</subfield>
    <subfield code="4">0</subfield>
    <subfield code="7">0</subfield>
    <subfield code="a">BFM</subfield>
    <subfield code="b">BFM</subfield>
    <subfield code="c">CR</subfield>
    <subfield code="d">2011-09-07</subfield>
    <subfield code="l">74</subfield>
    <subfield code="m">2</subfield>
    <subfield code="o">611 10 CAS</subfield>
    <subfield code="p">TR101</subfield>
    <subfield code="q">2026-06-12</subfield>
    <subfield code="r">2026-06-05</subfield>
    <subfield code="s">2026-06-05</subfield>
    <subfield code="t">Copia</subfield>
    <subfield code="w">2011-09-07</subfield>
    <subfield code="y">BK</subfield>
    <subfield code="z">Fotocopia</subfield>
  </datafield>
  <datafield tag="952" ind1=" " ind2=" ">
    <subfield code="0">0</subfield>
    <subfield code="1">0</subfield>
    <subfield code="2">ddc</subfield>
    <subfield code="4">0</subfield>
    <subfield code="7">0</subfield>
    <subfield code="a">BFM</subfield>
    <subfield code="b">BFM</subfield>
    <subfield code="c">CR</subfield>
    <subfield code="d">2011-09-07</subfield>
    <subfield code="l">57</subfield>
    <subfield code="m">1</subfield>
    <subfield code="o">611 10 CAS</subfield>
    <subfield code="p">TR110</subfield>
    <subfield code="r">2024-05-27</subfield>
    <subfield code="s">2024-05-21</subfield>
    <subfield code="t">Copia</subfield>
    <subfield code="w">2011-09-07</subfield>
    <subfield code="y">BK</subfield>
    <subfield code="z">Fotocopia</subfield>
  </datafield>
  <datafield tag="952" ind1=" " ind2=" ">
    <subfield code="0">0</subfield>
    <subfield code="1">0</subfield>
    <subfield code="2">ddc</subfield>
    <subfield code="4">0</subfield>
    <subfield code="7">0</subfield>
    <subfield code="a">BFM</subfield>
    <subfield code="b">BFM</subfield>
    <subfield code="c">CR</subfield>
    <subfield code="d">2014-04-04</subfield>
    <subfield code="e">Donaci&#xF3;n Sofia Anderle, Abril 2014</subfield>
    <subfield code="l">36</subfield>
    <subfield code="m">3</subfield>
    <subfield code="o">611 10 CAS</subfield>
    <subfield code="p">TR172</subfield>
    <subfield code="r">2026-06-05</subfield>
    <subfield code="s">2026-05-19</subfield>
    <subfield code="t">Copia</subfield>
    <subfield code="w">2014-04-04</subfield>
    <subfield code="y">BK</subfield>
    <subfield code="z">Donaci&#xF3;n Sofia Anderle, Abril 2014</subfield>
  </datafield>
  <datafield tag="952" ind1=" " ind2=" ">
    <subfield code="0">0</subfield>
    <subfield code="1">0</subfield>
    <subfield code="2">ddc</subfield>
    <subfield code="4">0</subfield>
    <subfield code="7">0</subfield>
    <subfield code="a">BFM</subfield>
    <subfield code="b">BFM</subfield>
    <subfield code="c">CR</subfield>
    <subfield code="d">2016-08-04</subfield>
    <subfield code="e">Donaci&#xF3;n Manuel Aschkar, Agosto 2016</subfield>
    <subfield code="l">10</subfield>
    <subfield code="o">611 10 CAS</subfield>
    <subfield code="p">TR184</subfield>
    <subfield code="r">2026-05-28</subfield>
    <subfield code="s">2026-05-21</subfield>
    <subfield code="t">Copia</subfield>
    <subfield code="w">2016-08-04</subfield>
    <subfield code="y">BK</subfield>
    <subfield code="z">Donaci&#xF3;n Manuel Aschkar, Agosto 2016</subfield>
  </datafield>
  <datafield tag="952" ind1=" " ind2=" ">
    <subfield code="0">0</subfield>
    <subfield code="1">0</subfield>
    <subfield code="2">ddc</subfield>
    <subfield code="4">0</subfield>
    <subfield code="7">0</subfield>
    <subfield code="a">BFM</subfield>
    <subfield code="b">BFM</subfield>
    <subfield code="c">CR</subfield>
    <subfield code="d">2016-11-22</subfield>
    <subfield code="e">Donaci&#xF3;n Ciruzzi, Olivia. Noviembre 2016</subfield>
    <subfield code="l">5</subfield>
    <subfield code="p">TR186</subfield>
    <subfield code="r">2019-06-03</subfield>
    <subfield code="s">2019-05-30</subfield>
    <subfield code="t">copia</subfield>
    <subfield code="w">2016-11-22</subfield>
    <subfield code="y">BK</subfield>
    <subfield code="z">Donaci&#xF3;n Ciruzzi, Olivia. Noviembre 2016</subfield>
  </datafield>
  <datafield tag="952" ind1=" " ind2=" ">
    <subfield code="0">0</subfield>
    <subfield code="1">0</subfield>
    <subfield code="2">ddc</subfield>
    <subfield code="4">0</subfield>
    <subfield code="7">0</subfield>
    <subfield code="a">BFM</subfield>
    <subfield code="b">BFM</subfield>
    <subfield code="c">CR</subfield>
    <subfield code="d">2017-09-27</subfield>
    <subfield code="e">Donaci&#xF3;n Bel&#xE9;n Narez, Septiembre 2017.</subfield>
    <subfield code="l">4</subfield>
    <subfield code="o"> 611 10 CAS</subfield>
    <subfield code="p">TR202</subfield>
    <subfield code="r">2026-05-28</subfield>
    <subfield code="s">2026-05-21</subfield>
    <subfield code="t">Copia</subfield>
    <subfield code="w">2017-09-27</subfield>
    <subfield code="y">BK</subfield>
    <subfield code="z">Fotocopia. Donaci&#xF3;n Bel&#xE9;n Narez, Septiembre 2017.</subfield>
  </datafield>
  <datafield tag="952" ind1=" " ind2=" ">
    <subfield code="0">0</subfield>
    <subfield code="1">0</subfield>
    <subfield code="2">ddc</subfield>
    <subfield code="4">0</subfield>
    <subfield code="7">0</subfield>
    <subfield code="a">BFM</subfield>
    <subfield code="b">BFM</subfield>
    <subfield code="c">CR</subfield>
    <subfield code="d">2018-02-28</subfield>
    <subfield code="e">Donaci&#xF3;n Romina Veliz, Febrero 2018</subfield>
    <subfield code="l">26</subfield>
    <subfield code="m">2</subfield>
    <subfield code="o">611 10 CAS</subfield>
    <subfield code="p">TR204</subfield>
    <subfield code="r">2025-04-03</subfield>
    <subfield code="s">2025-03-27</subfield>
    <subfield code="w">2018-02-28</subfield>
    <subfield code="y">BK</subfield>
    <subfield code="z">Donaci&#xF3;n Romina Veliz, Febrero 2018. Completo 4 tomos</subfield>
  </datafield>
</record>
